Alle Minecraft Updates - Statistiken

Allgemein
  • Dieses Quiz wurde 54 mal gespielt
  • Das Durchschnittsergebnis liegt bei 4 aus 18
Antwortstatistiken
Version Updatename % Korrekt
1.17 Caves and Cliffs
74%
1.16 Nether Update
59%
1.14 Village and Pillage
52%
1.9 The Combat Update
33%
1.19 The Wild Update
24%
1.6 The Horse Update
22%
1.15 Buzzy Bees
17%
1.5 Redstone Update
17%
1.18 Caves and Cliffs Part 2
15%
1.0-1.4.1 Minecraft
13%
1.13 The Update Aquatic
13%
1.4.2 The Pretty Scary Update
11%
1.8 The Bountiful Update
9%
1.11 The Exploration Update
9%
1.7 The Update That Changed The World
9%
1.12 The World of Color Update
7%
1.20 Trails & Tales
7%
1.10 The Frostburn Update
4%
Keine übereinstimmenden Quizze gefunden
Verteilung der Resultate
Anzahl Personen mit jedem Resultat
Perzentil nach korrekt beantworteten Fragen
Ihre Resultats-Entwicklung
Sie haben dieses Quiz noch nicht gespielt